Το ρημέϊκ (remake) μιας ταινίας : το πείραμα μεταφοράς της ταινίας <<Της κακομοίρας>> : πτυχιακή εγρασία

Αποθηκεύτηκε σε:
Λεπτομέρειες βιβλιογραφικής εγγραφής
Κύριος συγγραφέας: Πογιαντζή, Ιωάννα
Συγγραφή απο Οργανισμό/Αρχή: Πανεπιστήμιο Αιγαίου. Σχολή Κοινωνικών Επιστημών. Τμήμα Πολιτισμικής Τεχνολογίας και Επικοινωνίας
Άλλοι συγγραφείς: Σκοπετέας, Γιάννης (Εισηγητής διατριβής)
Μορφή: Thesis Βιβλίο
Γλώσσα:Greek
Δημοσίευση: Μυτιλήνη : Πανεπιστήμιο Αιγαίου, Τμήμα Πολιτισμικής Τεχνολογίας και Επικοινωνίας, 2004
Θέματα:
Διαθέσιμο Online:http://hdl.handle.net/11610/10605
Ετικέτες: Προσθήκη ετικέτας
Δεν υπάρχουν, Καταχωρήστε ετικέτα πρώτοι!

MARC

LEADER 00000cam a2200000 i 4500
001 1/23758
008 060208s2004 gre d
035 |l 10082512 
040 |a GR-MY-UA  |b gre  |e aacr 
041 0 |a gre 
082 0 |a 791.4375  |2 (22) 
100 1 |a Πογιαντζή, Ιωάννα. 
245 1 3 |a Το ρημέϊκ (remake) μιας ταινίας :  |b το πείραμα μεταφοράς της ταινίας <<Της κακομοίρας>> : πτυχιακή εγρασία /  |c Πογιαντζή Ιωάννα ; υπεύθυνος καθηγητής Σκοπετέας Ιωάννης 
260 |a Μυτιλήνη :   |b Πανεπιστήμιο Αιγαίου, Τμήμα Πολιτισμικής Τεχνολογίας και Επικοινωνίας,   |c 2004 
300 |a 83 σ.;  |c 30 εκ. 
502 |a Πτυχιακή εργασία – Πανεπιστήμιο Αιγαίου, Λέσβος, 2004. 
504 |a Βιβλιογραφία: 42 
650 0 0 |a Motion picture remakes. 
650 0 0 |a Dissertations, Academic  |z Greece. 
700 1 |a Σκοπετέας, Γιάννης.  |4 ths 
710 2 |a Πανεπιστήμιο Αιγαίου.   |b Σχολή Κοινωνικών Επιστημών.   |b Τμήμα Πολιτισμικής Τεχνολογίας και Επικοινωνίας. 
852 |a INST  |b LESVOS  |c DIATR  |e 20060208  |h 41  |p 005100034363  |q 005100034363  |t DIE  |y 23 
852 |a INST  |b LESVOS  |c DIATR  |e 20060208  |h 42  |p 005100034400  |q 005100034400  |t DIE  |y 23 
856 |u http://hdl.handle.net/11610/10605 
901 |a BIBL1-2006-1 
909 |a Λ  |b 115573 
909 |a Λ  |b 115572 
924 |a ΠΟΓΙΑΝΤΖΗ  |b ΙΩΑΝΝΑ  |y ΛΕΣΒΟΣ  |z 2004-11 
970 |a ΜΑΡΙΝΑΤΟΥ  |b ΜΥΡΣΙΝΗ  |z 2006/02/08